Češsko-russkij ekonomičeskij slovar' Okolo 20 000 terminov

Salvato in:
Dettagli Bibliografici
Natura: Libro
Lingua:russo
ceco
Pubblicazione: Moskva Russkij jazyk 1986
Edizione:1. izd.
Tags: Aggiungi Tag
Nessun Tag, puoi essere il primo ad aggiungerne!!

MARC

LEADER 00000nam a2200000 4500
001 c022487
005 20250110103517.5
041 0 |a rus 
041 0 |a cze 
044 |a RU 
245 1 0 |a Češsko-russkij ekonomičeskij slovar'  |b Okolo 20 000 terminov  |c Red. M.N. Os'mova 
250 |a 1. izd. 
264 1 |a Moskva  |b Russkij jazyk  |c 1986 
300 |a 300 s.